Miejscowości z imieniem męskim w nazwie - Statystyki

Ogólne statystyki
  • Ten quiz został rozwiązany 78 razy
  • Średni wynik to 2 z 6
Statystyki odpowiedzi
Odpowiedź % Poprawnych
Janów
54%
Tomaszów Mazowiecki
52%
Piotrków Trybunalski
46%
Kazimierz Dolny
38%
Władysławowo
32%
Jędrzejów
13%
Nie znaleziono quizów pasujących do podanych kryteriów
Rozkład punktacji
Procent ludzi z każdym wynikiem
Percentyl według liczby udzielonych odpowiedzi
Twoja historia wyników
Nie rozwiązałeś tego quizu